Indian Women`s Search for an Identity (Record no. 13123)

MARC details
000 -LEADER
fixed length control field 00626nam a2200241 a 4500
020 ## - INTERNATIONAL STANDARD BOOK NUMBER
ISBN 0706995
082 00 - DEWEY DECIMAL CLASSIFICATION NUMBER
Classification number 305.40954
Author Cutter CHA
100 ## - MAIN ENTRY--AUTHOR NAME
Author name Chatterji, Shoma A
245 ## - TITLE STATEMENT
Title Indian Women`s Search for an Identity
260 ## - PUBLICATION, DISTRIBUTION, ETC. (IMPRINT)
Place of publication Delhi
Name of publisher Vikas Pub House Pvt. Ltd.
Year of publication 1997
300 ## - PHYSICAL DESCRIPTION
Number of Pages 284p
500 ## - GENERAL NOTE
General note includes index and biblioraphy
505 2# - FORMATTED CONTENTS NOTE
Formatted contents note Bibliography, Index
650 ## - SUBJECT ADDED ENTRY--TOPICAL TERM
Topical Term Women-India
942 ## - ADDED ENTRY ELEMENTS (KOHA)
Koha item type Books
700 1# -
-- Chatterji, Shoma A
Holdings
Collection code Home library Current library Date acquired Cost, normal purchase price Full call number Accession Number Koha item type
  Henry Martyn Institute Library Henry Martyn Institute Library 01/05/2012 125.00 305.40954 CHA 017415 Books
                   Copyright © 2026 | Henry Martyn Institute | Hyderabad | TS-500052 | INDIA | Implemented by hmi.edu.in
Hit-Count:

Powered by Koha